| 000 | 01311 a2200289 4500 | ||
|---|---|---|---|
| 003 | Nust | ||
| 005 | 20220819105543.0 | ||
| 010 | _a 2010013929 | ||
| 020 | _a0470404620 (hardback) | ||
| 020 | _a9780470404621 (hardback) | ||
| 035 | _a(OCoLC)ocn601087668 | ||
| 040 | _cNust | ||
| 082 | 0 | 0 | _a621.384,HUA |
| 100 | 1 |
_aHuang, Kao-Cheng. _998215 |
|
| 245 | 1 | 0 |
_aMillimeter wave communication systems / _cKao-Cheng Huang, Zhaocheng Wang. |
| 260 |
_aHoboken, N.J. : _bWiley, _cc2011. |
||
| 300 |
_axiv, 275 p. : _bill. ; _c25 cm. |
||
| 490 | 1 | _aIEEE Press series on digital and mobile communication | |
| 505 | _aMillimeter Wave Characteristics (Page-1), Review of Modulations for Millimeter Wave Communication (Page-33), Millimeter Wave Transceivers (Page-71), Millimeter Wave MIMO (Page-133), Advanced Diversity over MIMO Channels (Page-163), Advanced Beam Steering and Beam Forming (Page-187), Single Carrier Frequency Domain Equalization (Page-217), | ||
| 650 | 0 |
_aGigabit communications _xEquipment and supplies. _998216 |
|
| 650 | 0 |
_aMilimeter waves. _998217 |
|
| 650 | 0 |
_aMillimeter wave communication systems. _998185 |
|
| 650 | 0 |
_aRadio _xReceivers and reception. |
|
| 700 | 1 |
_aWang, Zhaocheng, _d1968- _998218 |
|
| 830 | 0 |
_aIEEE series on mobile & digital communication. _912303 |
|
| 942 |
_2ddc _cREF |
||
| 999 |
_c219388 _d219388 |
||